Регионална библиотека "Любен Каравелов" - Русе

Развитие на личността (Запис номер 205644)

MARC детайли
000 -Лидер
Контролно поле с фиксирана дължина 01664nam a2200385 c 4500
003 - Код на организацията, давaща контролен номер
Контролно поле BLK
005 - Дата и час на последна редакция
Контролно поле 20180422120737.0
008 - Елементи от данни с фиксирана дължина
fixed length control field 180411b bul|||||r ||||||| ||bul||
010 ## - Наследен системен номер
LC control number KNG00215298000
020 ## - Международен стандартен номер на книга ISBN
Международен стандартен номер на книга ISBN 978-619-202-138-2
-- издат.: Унив. изд. Паисий Хилендарски
040 ## - Източник на каталожния запис
Идентификатор на билиотеката - собственик на записа BLK
041 ## - Код за език
Код за езика на текст/звукозапис или на отделно заглавие Български
Код за езика КДБФ Български
072 #7 - Код за тематичната категория
Код организация bullib
Код за тематична категория Н15
Текст Психология Н
080 ## - УДК
Текстов определител УДК Развитие на психиката и способностите. Сравнителна психология
УДК код - определител по УДК 159.92
УДК определител
УДК - код + определител 159.92
100 1# - Редна дума - Автор
Автор Цоков, Пламен Ангелов
Авторска отговорност първи автор
R(LIN) 368398
139 ## - Редно поле
Редна дума Цоков, Пламен Ангелов
Авторски знак Цоко - Ц 75
245 10 - Сведения за заглавието
Заглавие Развитие на личността
Подзаглавни данни Между генетичното и идентичността
Редно поле (дума) Пламен Ангелов Цоков; рис. Херлуф Бидструп.
257 ## - Страна на издаване
Страна на създаване/издаване България
260 ## - Област на издателските данни
-- Пловдив
Име на издателя, разпространителя и проч. Унив. изд. Паисий Хилендарски
Година на издаване 2016
300 ## - Физическа характеристика
Страници 392 с.
Илюстрации и др. с ил., сх., табл.
Размери/Мащаб 21 см
380 ## - Жанр
Жанр Философия
500 ## - Общи забележки
Забележка Биогр. данни за авт. - Библиогр.: с. 385-391
650 #4 - Допълнително описание по предмет – тема
Основно описание – тема или топоним Личност - психология
9 (RLIN) 243160
653 ## - Ключова дума – ненормативна
Ключова дума психология на личността
653 ## - Ключова дума – ненормативна
Ключова дума емоции
653 ## - Ключова дума – ненормативна
Ключова дума творческо мислене
653 ## - Ключова дума – ненормативна
Ключова дума онтогенеза
659 ## - Тематичен бюлетин
Тематичен бюлетин Н
700 1# - Други автори (авторска отговорност)
Лично име Бидструп, Херлуф
Автороска отговорност (Описва отношението между автора и произведението) рис.
9 (RLIN) 38952
852 ## - Местоположение
Форматна сигнатура Цб 288783
856 4# - Електронен адрес и достъп
Електронен формат pdf - файл
Път до файла /url/
856 4# - Електронен адрес и достъп
Електронен формат pdf - файл
Път до файла /url/
942 ## - АРТИКУЛИ
Вид на библиотечния материал Книги
Скрит в OPAC Не
944 ## - СЪЗДАВАНЕ И РЕДАКЦИЯ на ЗАПИСА
Създаване/Редакция Създаване
Дата на регистрацията/редакция 06.01.2018
Служител, извършил регистрацията/редакцията Виолета_Тройчева
944 ## - СЪЗДАВАНЕ И РЕДАКЦИЯ на ЗАПИСА
Създаване/Редакция Редакция
Дата на регистрацията/редакция 16.02.2018
Служител, извършил регистрацията/редакцията Геновева_Генчева
999 ## - СИСТЕМНИ КОНТРОЛНИ НОМЕРА
Koha biblionumber 205644
Koha biblioitemnumber 205644
Наличности
Код за отписване Код за изгубен артикул Код за повреда Коз за рестрикции Код за отдаване Артикулен № Име на библиотеката - собственик Име на библиотеката, в която се намира в момента Статус (Текущо местоположение) Дата на вписване в системата Местоположение - отдел Цена в лева Инвентарен номер Систематично азбучна сигнатура Баркод Номер на екземпляра Цена в евро Служебна бележка Служебен тип на артикула
  Не е изгубен Не е повреден без рестрикции ползва се в читалня 353968 Регионална библиотека "Любен Каравелов" Русе Регионална библиотека "Любен Каравелов" Русе Хранилище 2018-01-04 Хранилище 17.00 120000818759 Цб 288783 120000818759 1 8.69 Дост: Dp Вид: Д N: 47 Дата: 25.10.2017 Книги
Vip Innovations Ltd, Rousse, Bulgaria 2025